Sanat - "Tuntematon potilas" - Arttu Wiskari - Statistics

Yleistilastot
  • Tätä visaa on pelattu 372 kertaa
  • Keskiarvotulos 156 / 194
Vastaustilastot
Vastaus % Oikein
ja
98%
jo
97%
Mun
96%
mun
96%
ei
95%
95%
pois
95%
aikani
92%
eikö
92%
ne
92%
on
92%
potilas
92%
toi
92%
tuntematon
92%
ois
91%
haluan
90%
siitä
89%
vielä
89%
et
88%
joka
88%
Kuule
88%
kuule
88%
olen
88%
oon
88%
sai
88%
se
88%
toive
88%
alla
87%
tämä
87%
87%
enemmän
86%
jätkät
86%
sain
86%
Sain
86%
Helsingin
85%
kaapista
85%
nähnyt
85%
pistooli
85%
terveisin
85%
tyynyn
85%
yläkerran
85%
elämän
84%
kaiken
84%
kotiin
84%
murtaudutaan
84%
sen
84%
syö
84%
tänään
84%
hoitajalle
83%
ilmoitin
83%
sotilas
83%
Stalin
83%
tämän
83%
täynnä
83%
valtas
83%
nukun
82%
rintamalla
82%
mua
81%
palveli
81%
varma
81%
kuin
80%
sätkät
80%
jättää
79%
kuivamuonatkin
78%
kyllästynyt
78%
lähteä
78%
sitä
78%
käyttämään
77%
pelkäämään
77%
siks
77%
vaikka
77%
piilotin
75%
tottunut
75%
patjan
74%
pillerin
74%
tuhkakuppiin
74%
vaari
74%
Boston
73%
taas
73%
väliin
72%
alle
71%
sodista
71%
me
70%
tahtoisin
70%
vei
70%
päässyt
69%
taistelin
69%
uuden
69%
kun
68%
vastaan
68%
hoitokodista
67%
järjen
67%
tauti
67%
sänkyni
66%
soiton
66%
tietenkin
66%
eilen
64%
että
64%
tavataan
64%
arkkua
61%
uskon
61%
enää
58%
kannetaan
58%
vaarin
58%
itken
57%
minut
57%
näin
57%
suuttumaan
57%
tuntenut
57%
kirkkomaan
56%
Viime
55%
nyt
53%
kävelemme
52%
kerralla
52%
ymmärrän
52%
kunto
51%
sinun
51%
alaspäin
50%
poikki
50%
romahtanut
50%
pyynnön
45%
Raatteentielle
39%
takas
39%
kadonnut
34%
maastoudun
32%
Ehtoja vastaavia visoja ei löytynyt
Tulosjakauma
Jokaisen tuloksen saaneiden osuus
Persentiili vastausten määrän mukaan
Tuloshistoriasi
Et ole pelannut tätä visaa